[Event "Ruhrgebiet Bezirksliga 15/16"]
[Site "Ruhrgebiet"]
[Date "2016.02.28"]
[Round "8.4"]
[White "Wolf, Wolfgang"]
[Black "Hoffmann, Eckhard"]
[Result "1-0"]
[WhiteElo "1665"]
[BlackElo "1486"]
[PlyCount "119"]
[EventDate "2015.08.30"]
[EventType "team-tourn"]
[EventRounds "9"]
[EventCountry "GER"]
[SourceTitle "EXT 2022"]
[Source "ChessBase"]
[SourceDate "2021.10.06"]
[SourceVersion "1"]
[SourceVersionDate "2021.10.06"]
[SourceQuality "1"]
[WhiteTeam "Werl SC 1981"]
[BlackTeam "Unna SV II"]
[WhiteTeamCountry "GER"]
[BlackTeamCountry "GER"]

1. b4 e5 2. Bb2 d6 3. e3 Nf6 4. Nf3 Nbd7 5. Be2 Be7 6. 0-0 0-0 7. c4 b6 8. d4 e4 9. Nfd2 d5 10. b5 Bb7 11. Nc3 c5 12. bxc6 Bxc6 13. cxd5 Bxd5 14. Nxd5 Nxd5 15. Nxe4 f5 16. Nc3 Nxc3 17. Qb3+ Nd5 18. Qxd5+ Kh8 19. Rfc1 Bg5 20. Bf3 Rc8 21. Rxc8 Qxc8 22. Rc1 Qe8 23. Qb7 Bxe3 24. Re1 f4 25. fxe3 fxe3 26. Qe4 Nf6 27. Qxe8 Rxe8 28. Bc1 g5 29. g4 h5 30. h3 hxg4 31. hxg4 Kg7 32. Bxe3 Kg6 33. Kf2 Rf8 34. Kg3 Re8 35. Bf2 Rd8 36. Re7 Nd7 37. Be3 Kf6 38. Rh7 b5 39. Rh5 Rg8 40. d5 Ne5 41. Bd4 Re8 42. d6 Ke6 43. Bxe5 Kxe5 44. d7 Rg8 45. Rh6 a5 46. Rc6 Rd8 47. Rc5+ Kd6 48. Rxb5 Rxd7 49. Rd5+ Ke6 50. Rxd7 Kxd7 51. a4 Kd6 52. Be2 Ke5 53. Kf3 Kd4 54. Bb5 Kd5 55. Ke3 Ke5 56. Kd3 Kd5 57. Kc3 Kc5 58. Bc4 Kc6 59. Kd4 Kd6 60. Bd5 1-0

[Event "Ruhrgebiet Bezirksliga 15/16"]
[Site "Ruhrgebiet"]
[Date "2015.08.30"]
[Round "1.4"]
[White "Irlaender, Walter"]
[Black "Hoffmann, Eckhard"]
[Result "1-0"]
[WhiteElo "1833"]
[BlackElo "1504"]
[PlyCount "109"]
[EventDate "2015.08.30"]
[EventType "team-tourn"]
[EventRounds "9"]
[EventCountry "GER"]
[SourceTitle "EXT 2022"]
[Source "ChessBase"]
[SourceDate "2021.10.06"]
[SourceVersion "1"]
[SourceVersionDate "2021.10.06"]
[SourceQuality "1"]
[WhiteTeam "Unna SV"]
[BlackTeam "Unna SV II"]
[WhiteTeamCountry "GER"]
[BlackTeamCountry "GER"]

1. d4 Nf6 2. Nf3 b6 3. c4 Bb7 4. Nc3 e6 5. e3 c5 6. d5 exd5 7. cxd5 Bd6 8. Bc4 Qe7 9. 0-0 0-0 10. Qd3 Re8 11. Re1 Ne4 12. h3 Nxc3 13. bxc3 Qe4 14. Qxe4 Rxe4 15. Bd3 Re7 16. e4 f6 17. Nh4 g6 18. Bd2 Be5 19. f4 Bd6 20. Nf3 Ba6 21. c4 Rf7 22. e5 fxe5 23. fxe5 Bf8 24. e6 dxe6 25. dxe6 Re7 26. Bg5 Rc7 27. e7 Bxe7 28. Rxe7 Rxe7 29. Bxe7 Nc6 30. Re1 Re8 31. Bh4 Rxe1+ 32. Bxe1 Nb4 33. Bxb4 cxb4 34. Kf2 Bb7 35. Ke3 Kg7 36. Kd4 Kf6 37. Be4 Bxe4 38. Kxe4 h6 39. g3 a5 40. Kd3 Ke6 41. Ne1 Kd6 42. Kd4 a4 43. Nc2 b3 44. axb3 axb3 45. Na3 b2 46. Nb1 Kc6 47. Kc3 Kc5 48. Nd2 b1Q 49. Nxb1 b5 50. cxb5 Kxb5 51. Kd4 Kc6 52. Ke5 Kd7 53. Kf6 g5 54. Kg6 Ke6 55. Nd2 1-0